NFL QBs With Most 4,000+ Seasons - Statistics

General Stats
  • This quiz has been taken 440 times
  • The average score is 11 of 17
Answer Stats
Number of Seasons QB % Correct
12 Tom Brady
99%
7 Eli Manning
97%
14 Peyton Manning
97%
12 Drew Brees
90%
9 Aaron Rodgers
86%
6 Brett Favre
79%
6 Ben Roethlisberger
76%
6 Dan Marino
76%
12 Philip Rivers
73%
10 Matt Ryan
62%
8 Matthew Stafford
61%
4 Russell Wilson
54%
4 Warren Moon
45%
4 Tony Romo
44%
4 Andrew Luck
39%
6 Carson Palmer
38%
5 Kirk Cousins
33%
No matching quizzes found
Score Distribution
Percent of People with Each Score
Percentile by Number Answered
Your Score History
You have not taken this quiz